Schaeffers Grundriß des Rechts und der Wirtschaft. Abteilung II : (Record no. 74021)
[ view plain ]
| 000 -LEADER | |
|---|---|
| fixed length control field | 01109nam a2200313 i 4500 |
| 003 - CONTROL NUMBER IDENTIFIER | |
| control field | EG-GICUC |
| 005 - DATE AND TIME OF LATEST TRANSACTION | |
| control field | 20260429071858.0 |
| 008 - FIXED-LENGTH DATA ELEMENTS--GENERAL INFORMATION | |
| fixed length control field | 260429s1970 gw ||||fr|||| 00| 0 ger d |
| 040 ## - CATALOGING SOURCE | |
| Original cataloging agency | EG-GiCUC |
| Language of cataloging | ger |
| Transcribing agency | EG-GiCUC |
| Modifying agency | EG-GiCUC |
| Description conventions | Rda |
| 041 0# - LANGUAGE CODE | |
| Language code of text/sound track or separate title | ger |
| 082 04 - DEWEY DECIMAL CLASSIFICATION NUMBER | |
| Edition number | 21 |
| Classification number | 343.2 |
| Item number | LA . S |
| 092 04 - LOCALLY ASSIGNED DEWEY CALL NUMBER (OCLC) | |
| Edition number | 21 |
| 099 ## - LOCAL FREE-TEXT CALL NUMBER (OCLC) | |
| Classification number | Law1 10 343.2 LA . S 1970 |
| 100 1# - MAIN ENTRY--PERSONAL NAME | |
| Personal name | R. Laube |
| Relator term | Author. |
| 245 10 - TITLE STATEMENT | |
| Title | Schaeffers Grundriß des Rechts und der Wirtschaft. Abteilung II : |
| Remainder of title | Öffentliches Recht. 25. Band, 2. Teil. Strafrecht, Besonderer Teil / |
| Statement of responsibility, etc. | R. Laube, J. Wiefels |
| 264 #1 - PRODUCTION, PUBLICATION, DISTRIBUTION, MANUFACTURE, AND COPYRIGHT NOTICE | |
| Place of production, publication, distribution, manufacture | Stuttgart : |
| Name of producer, publisher, distributor, manufacturer | Verlag W. Kohlhammer ; Düsseldorf, |
| Date of production, publication, distribution, manufacture, or copyright notice | 1970. |
| 300 ## - PHYSICAL DESCRIPTION | |
| Extent | 163 page ; |
| Dimensions | 24 cm. |
| Other physical details | illustrations, |
| 336 ## - CONTENT TYPE | |
| Source | rda contenu |
| Content type term | texte |
| 337 ## - MEDIA TYPE | |
| Source | rda medias |
| Media type term | Ordinateur |
| 338 ## - CARRIER TYPE | |
| Source | transporteur rda |
| Carrier type term | Ressource en ligne |
| 504 ## - BIBLIOGRAPHY, ETC. NOTE | |
| Bibliography, etc. note | Comprend des references bibliographiques.<br/> |
| 546 ## - LANGUAGE NOTE | |
| Language note | Text in German |
| 650 1# - SUBJECT ADDED ENTRY--TOPICAL TERM | |
| Topical term or geographic name entry element | Criminal law |
| Source of heading or term | qrmak |
| 651 1# - SUBJECT ADDED ENTRY--GEOGRAPHIC NAME | |
| Source of heading or term | qrmak |
| 700 1# - ADDED ENTRY--PERSONAL NAME | |
| Personal name | J. Wiefels |
| Relator term | joint author. |
| 856 40 - ELECTRONIC LOCATION AND ACCESS | |
| Uniform Resource Identifier | <a href="https://fll.law.cu.edu.eg/fulltext/bks/B10-11896.pdf">https://fll.law.cu.edu.eg/fulltext/bks/B10-11896.pdf</a> |
| 905 ## - Cataloger and Reviser Names | |
| Cataloger Name: | Habiba Yahya |
| 942 ## - ADDED ENTRY ELEMENTS (KOHA) | |
| Source of classification or shelving scheme | Dewey Decimal Classification |
| Suppress in OPAC | No |
| Koha item type | Books |
| Edition | 21 |
| Withdrawn status | Lost status | Source of classification or shelving scheme | Materials specified (bound volume or other part) | Damaged status | Not for loan | Collection | Home library | Current library | Date acquired | Total checkouts | Full call number | Barcode | Date last seen | Copy number | Price effective from | Koha item type |
|---|---|---|---|---|---|---|---|---|---|---|---|---|---|---|---|---|
| Dewey Decimal Classification | V25 | Not for loan | القانون الجنائي | جــــامعة القــاهرة | مكتبة كلية الحقوق - المبنى الرئيسي | 29.04.2026 | Law1 10 343.2 LA . S 1970 1011896 V25, C1 | B10-11896 | 29.04.2026 | 1 | 29.04.2026 | Books |